El decamerón

Sábháilte in:
Sonraí bibleagrafaíochta
Príomhchruthaitheoir: Boccaccio, Giovanni (Údar)
Formáid: LEABHAR
Teanga:Spáinnis
Foilsithe / Cruthaithe: Santiago Quimantú 1973
Eagrán:1a. ed
Sraith:Colección Quimantú para Todos, 43
Ábhair:
Clibeanna: Cuir clib leis
Níl clibeanna ann, Bí ar an gcéad duine le clib a chur leis an taifead seo!

MARC

LEADER 00000cam a2200000 a 4500
001 UCF3049
003 CL-VaPUC
008 120927e19730000CL |||||||||||||||||spa|d
082 0 4 |a 853  |b BOC  |2 21 
100 0 |a Boccaccio, Giovanni  |e author  |9 397 
245 1 3 |a El decamerón 
250 |a 1a. ed 
300 |a 183 p 
942 |c BK 
945 |d 20120927 00:00:00  |a cmena 
260 |a Santiago  |b Quimantú  |c 1973 
650 0 |a Novela italiana  |9 265740 
650 0 |a Literatura italiana  |9 266970 
583 |a last modification  |c 20120927 15:26:00  |k Rodrigo Vera 
490 0 |a Colección Quimantú para Todos, 43 
999 |c 349571  |d 349569 
952 |0 0  |1 0  |4 0  |6 853_000000000000000_BOC_1973  |7 0  |8 A  |9 452215  |a BIBHIS  |b BIBHIS  |d 2019-11-22  |i 4903471  |o 853 BOC 1973  |p 4903471  |r 2025-01-20  |w 2019-11-22  |y BK  |k HIS